[Event "Soest op"]
[Site "Soest"]
[Date "2001.05.25"]
[Round "2.16"]
[White "Dignum, Erik"]
[Black "Schoenmakers, Paul"]
[Result "1/2-1/2"]
[WhiteElo "2103"]
[BlackElo "1878"]
[PlyCount "63"]
[EventDate "2001.05.25"]
[EventType "swiss"]
[EventRounds "7"]
[EventCountry "NED"]
[SourceTitle "EXT 2002"]
[Source "ChessBase"]
[SourceDate "2001.11.25"]
[SourceVersion "1"]
[SourceVersionDate "2001.11.25"]
[SourceQuality "1"]

1. Nf3 d5 2. c4 e6 3. g3 Nf6 4. Bg2 c5 5. 0-0 Nc6 6. d3 Be7 7. Bf4 Nh5 8. Ne5 Nxf4 9. gxf4 0-0 10. Nc3 Nxe5 11. fxe5 d4 12. Ne4 Qc7 13. f4 f6 14. exf6 Bxf6 15. Qe1 Rb8 16. Qg3 b6 17. Rf2 Bb7 18. Raf1 Qe7 19. Qg4 Rf7 20. Ng5 Bxg5 21. fxg5 Rxf2 22. Rxf2 Bxg2 23. Qxg2 Rf8 24. Rxf8+ Kxf8 25. h4 Qd6 26. h5 a5 27. Qf3+ Ke8 28. Kg2 Qe5 29. Qa8+ Ke7 30. Qb7+ Ke8 31. Qc6+ Ke7 32. Qb7+ 1/2-1/2